00942nam a2200253 a 450000100100000000500170001000800410002702000150006804000250008308200240010810000360013224000520016824500610022025000110028126000440029230000260033653400590036265000310042165000460045270000360049804900090053495201280054399900170067100002128820200930011304.0100903s1978 sp r 000 f spa d a8425310296 aDO-SdBNPbspacBNPHU a813.54bS755e, 19781 aSpielberg, Stevend1946-94448310aClose encounters of the third kind.lEspañol.10aEncuentros cercanos del tercer tipo /cSteven Spielberg. a2a ed. aBarcelona, España :bGrijalbo,c1978. a313, [2] p. ;c19 cm. aTítulo original:tClose encounters of the third kind 4aNovela estadounidense9262 4aLiteratura estadounidenseySIGLO XX968741 aMenini, Ma. Antoniaetr.944484 aBNGR 001054708MOaGRbGRcCTd2010-09-03iLF1l0o813.54 S755e, 1978p21288-10r2020-06-25w2020-06-25y4ZPréstamo en sala c20788d20788